Վերջալոյսի ձայներ / (Record no. 454955)
[ view plain ]
| 000 -LEADER | |
|---|---|
| fixed length control field | 01300nam a2200217 a 4500 |
| 001 - CONTROL NUMBER | |
| control field | 000279770 |
| 003 - CONTROL NUMBER IDENTIFIER | |
| control field | AM-YEHGA |
| 005 - DATE AND TIME OF LATEST TRANSACTION | |
| control field | 20250618075336.0 |
| 008 - FIXED-LENGTH DATA ELEMENTS--GENERAL INFORMATION | |
| fixed length control field | 031105s1901 ai r 000 0 arm d |
| 040 ## - CATALOGING SOURCE | |
| Original cataloging agency | AM-YeHGA |
| 041 0# - LANGUAGE CODE | |
| Language code of text/sound track or separate title | arm |
| 090 ## - LOCALLY ASSIGNED LC-TYPE CALL NUMBER (OCLC); LOCAL CALL NUMBER (RLIN) | |
| -- | 457954 |
| 100 1# - MAIN ENTRY--PERSONAL NAME | |
| Personal name | Խրիմյան, Հայրիկ, |
| Titles and words associated with a name | Ամենայն Հայոց Կաթողիկոս, |
| Dates associated with a name | 1820-1907 |
| 9 (RLIN) | 3503 |
| 245 10 - TITLE STATEMENT | |
| Title | Վերջալոյսի ձայներ / |
| Statement of responsibility, etc. | Ողբագրեց եւ հոգեգրեց՝ Հայրիկ Խրիմեան; Առաջաբ.և հրատ.՝ Մառի Պէյլէրեան (Սօնէ). |
| 260 ## - PUBLICATION, DISTRIBUTION, ETC. | |
| Place of publication, distribution, etc. | Գահիրէ : |
| Name of publisher, distributor, etc. | տպ. Ե. Թորոսեան, |
| Date of publication, distribution, etc. | 1901. |
| 300 ## - PHYSICAL DESCRIPTION | |
| Extent | I-IV, 77 էջ : |
| Other physical details | լուսանկ. ; |
| Dimensions | 19 սմ. |
| 501 ## - WITH NOTE | |
| With note | Ալիգ. 1. Կազմակից են՝ Հ. Փոսկոլեայ՝ Յաղագս գերեզմանաց.- Վենետիկ, 1864 ; Վ. Հիւկօ՝ Առ սքողեալն.- Կ. Պոլիս,1886 ; Վ. Չուգասըզեան՝ Ռումբ մեծ նահատակներուն Գալուստի եւ Յաբեթի յիշատակին.- Նիւ Եօրք, 1911 ; Խ.Ս. Բաղտասարեան՝ Խօսուն նշոյլք.- Կ. Պօլիս, 1890 |
| 650 14 - SUBJECT ADDED ENTRY--TOPICAL TERM | |
| Topical term or geographic name entry element | Հայ գրականություն |
| General subdivision | Պոեզիա |
| 700 1# - ADDED ENTRY--PERSONAL NAME | |
| Personal name | Պեյլերյան, Մառի, |
| Dates associated with a name | 1880-1915 |
| Relator term | առաջաբ., հրատ. |
| Relationship | aui |
| -- | pbl |
| 9 (RLIN) | 781 |
| 942 ## - ADDED ENTRY ELEMENTS (KOHA) | |
| Source of classification or shelving scheme | Universal Decimal Classification |
| Koha item type | Գրքեր / Books |
| Withdrawn status | Lost status | Damaged status | Not for loan | Collection | Home library | Current library | Date acquired | Total checkouts | Full call number | Barcode | Date last seen | Price effective from | Koha item type | Public note | Source of classification or shelving scheme |
|---|---|---|---|---|---|---|---|---|---|---|---|---|---|---|---|
| General | Fundamental Scientific Library | Fundamental Scientific Library | 28/12/2016 | AII/13718 | FL0012447 | 28/12/2016 | 28/12/2016 | Գրքեր / Books | 30 Days Loan | ||||||
| Levonyan Individual Collection | Fundamental Scientific Library | Fundamental Scientific Library | 28/12/2016 | Լեվ/1638 | FL0406082 | 28/12/2016 | 28/12/2016 | Գրքեր / Books | ILL Non-Circ. | Universal Decimal Classification | |||||
| Kusikian Individual Collection | Fundamental Scientific Library | Fundamental Scientific Library | 22/12/2020 | Կուս/1610 | FL0629676 | 22/12/2020 | 22/12/2020 | Գրքեր / Books | ILL Non-Circ |
ՀՀ Գիտությունների ազգային ակադեմիայի հիմնարար գիտական գրադարան = Fundamental Scientific Library of NAS RA
All site content, except where otherwise noted, is licensed under a